000 01643nam a2200325 c 4500
003 BLK
005 20180422120238.0
008 180411b bul|||||r ||||||| ||bul||
010 _aKNG00207481000
040 _aBLK
041 _aBUL
_cBUL
080 _aОргани на обществения ред. Полиция. Обществена власт. Доброволни отреди. Държавна сигурност. Милиция. Дейност на полицията по вътрешно разузнаване
_b351.74
_x(497.2)(092)
_z351.74(497.2)(092)
080 _aБългарски офицер - служител на МВР
_b929 Рангелов, Борис Василев
_x
_z929 Рангелов, Борис Василев
100 1 _aЧанков, Васил
_eпърви автор
_9384655
139 _aЧанков, Васил
_bР 35
245 1 0 _aИзстрели в упор
_bДокум. повествование за живота и гибелта на лейтенанта от МВР Борис Рангелов - убит на 29 окт. 1946 г. от бандит рецидивист
_cВасил Чанков.
257 _aBGR
260 София
_bВоен. изд.
_c1990
300 _a96 с.
_c20 см
380 _a3
490 1 _aЗавинаги в строя
500 _a8 086 тир.
600 1 4 _aРангелов, Борис Василев
_9348176
650 4 _aМилиция - България - история
_9162221
852 _aЦб 163317
856 4 _qpdf
_u
856 4 _qpdf
_u
942 _cKNG
_n0
944 _aCR
_c02.06.2017
_kКети_Илиева
944 _aED
_c02.06.2017
_kКети_Илиева
999 _c198158
_d198158